Sinh học nâng cao 10

Bewaard in:
Bibliografische gegevens
Hoofdauteur: Vũ, Văn Vụ
Andere auteurs: Vũ, Đức Lưu
Formaat: Boek
Taal:Undetermined
Gepubliceerd in: H. Giáo dục 2007
Onderwerpen:
Online toegang:http://lrc.tdmu.edu.vn/opac/search/detail.asp?aID=2&ID=5230
Tags: Voeg label toe
Geen labels, Wees de eerste die dit record labelt!
Thư viện lưu trữ: Trung tâm Học liệu Trường Đại học Thủ Dầu Một
LEADER 00623nam a2200205Ia 4500
001 TDMU_5230
008 210410s9999 xx 000 0 und d
082 |a 570.71 
090 |b V500 
100 |a Vũ, Văn Vụ 
245 0 |a Sinh học nâng cao 10 
245 0 |c Vũ Văn Vụ 
260 |a H. 
260 |b Giáo dục 
260 |c 2007 
300 |a 168tr 
650 |a Sách lớp 10  |v Giáo khoa; Sinh học  |x Dạy và học 
700 |a Vũ, Đức Lưu 
856 |u http://lrc.tdmu.edu.vn/opac/search/detail.asp?aID=2&ID=5230 
980 |a Trung tâm Học liệu Trường Đại học Thủ Dầu Một